[Event "17e tournoi d'automne - tournoi A"]
[Site "Montigny le Bretonneux"]
[Date "2018.10.20"]
[Round "1.1"]
[White "Veron, Cyprien"]
[Black "Forissier, Nicolas"]
[Result "1-0"]
[WhiteElo "2028"]
[BlackElo "1974"]
[Annotator "Rivier,Sylvain"]
[PlyCount "63"]
[EventDate "2018.??.??"]

{D�fense Gr�nfeld, variante ferm�e} 1. Nf3 d5 2. c4 c6 3. d4 Nf6 4. Nc3 g6 5.
e3 Bg7 6. Bd3 O-O 7. Qc2 Nbd7 8. O-O Re8 9. Rd1 e5 10. cxd5 Nxd5 11. a3 Nxc3
12. bxc3 Qe7 13. e4 exd4 14. cxd4 Nf6 15. h3 Be6 16. Bg5 Qd7 17. Bf1 Rac8 18.
Rab1 b5 19. Re1 a5 20. Qd2 a4 21. d5 cxd5 22. Bxb5 Qa7 23. Bxf6 Bxf6 24. Bxe8
Bc3 25. Qh6 Bxe1 26. Rxe1 dxe4 27. Ng5 Rxe8 28. Rxe4 Qb7 29. Qxh7+ Kf8 30. Qh8+
Ke7 31. Rxe6+ fxe6 32. Qg7+ 1-0

[Event "17e tournoi d'automne - tournoi A"]
[Site "Montigny le Bretonneux"]
[Date "2018.10.20"]
[Round "1.2"]
[White "Duval, Dominique"]
[Black "Delin, Valere"]
[Result "0-1"]
[WhiteElo "1687"]
[BlackElo "1882"]
[Annotator "Rivier,Sylvain"]
[PlyCount "148"]
[EventDate "2018.??.??"]

{Partie du pion dame} 1. d4 Nf6 2. Bf4 g6 3. Nc3 d5 4. e3 Bg7 5. Be2 Bf5 6. Nf3
O-O 7. h3 c5 8. O-O Nc6 9. a3 Qb6 10. Na4 Qd8 11. Nxc5 b6 12. Nd3 Rc8 13. c3
Na5 14. Nde5 Ne4 15. Ba6 Ra8 16. Rc1 b5 17. Bxb5 Qb6 18. Qa4 a6 19. Bd7 Rfd8
20. Bxf5 gxf5 21. b4 Nb7 22. c4 dxc4 23. Nxc4 Qe6 24. Bc7 Rf8 25. Nb6 Ra7 26.
Rc6 Qa2 27. Rc2 Qe6 28. Rfc1 Nbd6 29. Bxd6 exd6 30. d5 Qh6 31. b5 Nc5 32. Qh4
axb5 33. Qxh6 Bxh6 34. Nd4 f4 35. Nf5 Bg5 36. h4 Be7 37. Nxe7+ Rxe7 38. Rb1
fxe3 39. fxe3 Rxe3 40. Rxb5 Rxa3 41. Nc4 Ra1+ 42. Kh2 Ne4 43. Re2 Nc3 44. Reb2
Nxb5 45. Rxb5 Rd8 46. Rb6 Rd1 47. Nxd6 Rxd5 48. Ne4 Kg7 49. Rb2 Rd4 50. Nf2
Rxh4+ 51. Kg3 Rc4 52. Re2 Rd6 53. Nh3 Rd3+ 54. Kh2 h6 55. Rf2 Rdd4 56. Kh1 Kg6
57. Kh2 h5 58. Kh1 h4 59. Kh2 Kg7 60. Ng1 f6 61. Nf3 Rf4 62. Rd2 Kg6 63. Re2
Kf5 64. Kh3 Rg4 65. Rf2 Rg3+ 66. Kh2 Kg4 67. Ng1 f5 68. Ne2 f4 69. Ng1 Re4 70.
Nf3 h3 71. Ng1 Rxg2+ 72. Rxg2+ hxg2 73. Kxg2 f3+ 74. Kf2 Ra4 0-1

[Event "17e tournoi d'automne - tournoi A"]
[Site "Montigny le Bretonneux"]
[Date "2018.10.20"]
[Round "1.3"]
[White "Verat-Fayolle, Celian"]
[Black "Claisse, Patrick"]
[Result "1/2-1/2"]
[WhiteElo "1882"]
[BlackElo "1733"]
[Annotator "Rivier,Sylvain"]
[PlyCount "52"]
[EventDate "2018.??.??"]

{D�fense sicilienne, attaque Canal-Sokolsky} 1. e4 c5 2. Nf3 d6 3. Bb5+ Bd7 4.
Bxd7+ Qxd7 5. O-O Nc6 6. c3 Nf6 7. Re1 g6 8. d4 cxd4 9. cxd4 Bg7 10. Nc3 Rc8
11. h3 O-O 12. Bf4 Rfd8 13. e5 dxe5 14. dxe5 Nd5 15. Bd2 Nxc3 16. Bxc3 Qc7 17.
Qb3 e6 18. Rad1 Rd7 19. Rxd7 Qxd7 20. Rd1 Qc7 21. Ng5 Rd8 22. Rxd8+ Qxd8 23.
Qxb7 Qxg5 24. Qxc6 Qc1+ 25. Kh2 Qf4+ 26. Kg1 Qc1+ 1/2-1/2

[Event "17e tournoi d'automne - tournoi A"]
[Site "Montigny le Bretonneux"]
[Date "2018.10.20"]
[Round "1.4"]
[White "Jourdain, Antoine"]
[Black "Appavou, Calixte"]
[Result "1-0"]
[WhiteElo "1767"]
[BlackElo "1761"]
[Annotator "Rivier,Sylvain"]
[PlyCount "73"]
[EventDate "2018.??.??"]

{Ouverture anglaise, variante sicilienne invers�e} 1. c4 e5 2. g3 Nf6 3. Bg2
Nc6 4. Nc3 Bc5 5. e3 O-O 6. Nge2 Re8 7. O-O Be7 8. d4 d6 9. Qc2 a6 10. a3 a5
11. Rb1 g6 12. dxe5 Nxe5 13. b3 Bf8 14. Bb2 Bg7 15. Rbd1 Qe7 16. Nd4 c6 17. h3
Ned7 18. Na4 Nc5 19. Nb6 Ra6 20. Nxc8 Rxc8 21. b4 axb4 22. axb4 Ne6 23. Nb3
Raa8 24. Ra1 Ne8 25. Na5 d5 26. cxd5 cxd5 27. Qd2 Bxb2 28. Qxb2 Rd8 29. Rfc1
Ng5 30. Rc2 Rd7 31. Kh2 Ne6 32. Nc6 bxc6 33. Rxa8 Rd6 34. b5 cxb5 35. Qxb5 Qf6
36. Rcc8 Kg7 37. Rxe8 1-0

[Event "17e tournoi d'automne - tournoi A"]
[Site "Montigny le Bretonneux"]
[Date "2018.10.20"]
[Round "1.5"]
[White "Plantet, Marc"]
[Black "Goudon, Gregory"]
[Result "1/2-1/2"]
[WhiteElo "1737"]
[BlackElo "1679"]
[Annotator "Rivier,Sylvain"]
[PlyCount "114"]
[EventDate "2018.??.??"]

{Par Partie italienne} 1. e4 e5 2. Nf3 Nc6 3. Bc4 Bc5 4. O-O Nf6 5. d4 Bxd4 6.
Nxd4 Nxd4 7. f4 d6 8. fxe5 dxe5 9. Bg5 Ne6 10. Qxd8+ Kxd8 11. Bh4 Ke7 12. Nc3
c6 13. Rf5 g5 14. Bxg5 Nxg5 15. Rxg5 Be6 16. Be2 Nd7 17. a4 Rag8 18. Rxg8 Rxg8
19. b4 Bg4 20. Bc4 Nb6 21. Bd3 Be6 22. b5 Bc4 23. a5 Bxd3 24. bxc6 bxc6 25.
axb6 Bc4 26. bxa7 Ra8 27. Ra5 Kd6 28. Kf2 f6 29. Kg3 Bf7 30. Kg4 Bg6 31. Kf3
Kc7 32. Nd1 Kb6 33. Ra4 Rxa7 34. Rxa7 Kxa7 35. Ne3 Kb6 36. Ng4 f5 37. Nxe5
fxe4+ 38. Ke3 Bf5 39. g4 Be6 40. Kxe4 Kc5 41. h4 Bd5+ 42. Kd3 Be6 43. g5 Kd5
44. Nf3 Bf5+ 45. Kc3 Bg6 46. Nd4 c5 47. Nb5 Ke5 48. Kc4 Bxc2 49. Kxc5 Kf4 50.
Nd4 Bg6 51. Kd6 Kg4 52. Ke5 Kxh4 53. Kf6 Kh5 54. Ne6 Bb1 55. Nf4+ Kg4 56. g6
Kxf4 57. gxh7 Bxh7 1/2-1/2

[Event "17e tournoi d'automne - tournoi A"]
[Site "Montigny le Bretonneux"]
[Date "2018.10.21"]
[Round "2.1"]
[White "Duval, Dominique"]
[Black "Veron, Cyprien"]
[Result "0-1"]
[WhiteElo "1687"]
[BlackElo "2028"]
[Annotator "Rivier,Sylvain"]
[PlyCount "64"]
[EventDate "2018.??.??"]

{Ouverture du pion dame} 1. d4 Nf6 2. Bf4 g6 3. e3 Bg7 4. Nc3 d5 5. Be2 O-O 6.
h4 h5 7. Qd2 Bf5 8. f3 Nc6 9. Nh3 Qd7 10. Nf2 Rfe8 11. Bb5 a6 12. Bxc6 Qxc6 13.
Nd3 Bxd3 14. Qxd3 Rad8 15. O-O-O b5 16. Be5 b4 17. Ne2 a5 18. Bxf6 Qxf6 19. f4
c5 20. Rdf1 c4 21. Qd1 a4 22. f5 a3 23. fxg6 axb2+ 24. Kxb2 c3+ 25. Ka1 Qxg6
26. Nf4 Qa6 27. Qxh5 Qa3 28. Rb1 e6 29. Rb3 Qa4 30. Nd3 Ra8 31. Nc1 Ra7 32. Rf1
Rea8 0-1

[Event "17e tournoi d'automne - tournoi A"]
[Site "Montigny le Bretonneux"]
[Date "2018.10.21"]
[Round "2.2"]
[White "Appavou, Calixte"]
[Black "Verat-Fayolle, Celian"]
[Result "1/2-1/2"]
[WhiteElo "1761"]
[BlackElo "1882"]
[Annotator "Rivier,Sylvain"]
[PlyCount "143"]
[EventDate "2018.??.??"]

{Défense Petroff} 1. e4 e5 2. Nf3 Nf6 3. Nxe5 d6 4. Nf3 Nxe4 5. Qe2 Qe7 6. d3
Nf6 7. Bg5 Qxe2+ 8. Bxe2 Be7 9. Nbd2 Nc6 10. c3 h6 11. Be3 Nd5 12. O-O O-O 13.
Nb3 Nxe3 14. fxe3 Bf6 15. e4 Ne5 16. h3 b6 17. d4 Ng6 18. Nh2 Bg5 19. Bf3 Be3+
20. Kh1 Ba6 21. Rfe1 Bf4 22. e5 Rae8 23. exd6 Bxd6 24. Bc6 Rxe1+ 25. Rxe1 Ne7
26. Bf3 Nf5 27. Ng4 Bg3 28. Rd1 Re8 29. d5 Be2 30. Bxe2 Rxe2 31. Nd4 Nxd4 32.
cxd4 Rxb2 33. Ne3 Re2 34. Nf5 Re1+ 35. Rxe1 Bxe1 36. d6 cxd6 37. Nxd6 Bg3 38.
Nc8 Bb8 39. Ne7+ Kf8 40. Nc6 Bf4 41. Nxa7 Ke8 42. d5 Kd7 43. Nb5 Ke7 44. a4 Kf6
45. Na7 Ke5 46. a5 bxa5 47. Nc6+ Kxd5 48. Nxa5 Bg3 49. Kg1 g5 50. Kf1 Ke4 51.
Ke2 f5 52. Nc4 Bb8 53. Nd2+ Kf4 54. Nf1 h5 55. g3+ Ke4 56. Nd2+ Kd5 57. Kf3 g4+
58. hxg4 hxg4+ 59. Kg2 Kd4 60. Nb3+ Ke3 61. Nc5 Bd6 62. Ne6 Bb8 63. Ng7 Ke4 64.
Ne6 Ke5 65. Nf4 Ke4 66. Ne6 Ke5 67. Nc5 Kd4 68. Nb3+ Ke3 69. Nc5 Bxg3 70. Kxg3
f4+ 71. Kxg4 f3 72. Nd3 1/2-1/2

[Event "17e tournoi d'automne - tournoi A"]
[Site "Montigny le Bretonneux"]
[Date "2018.10.23"]
[Round "2.3"]
[White "Claisse, Patrick"]
[Black "Plantet, Marc"]
[Result "0-1"]
[WhiteElo "1733"]
[BlackElo "1737"]
[Annotator "Rivier,Sylvain"]
[PlyCount "48"]
[EventDate "2018.??.??"]

{D�fense Caro-Kann, variante principale} 1. e4 c6 2. d4 d5 3. Nc3 dxe4 4. Nxe4
Bf5 5. Ng3 Bg6 6. Nf3 h6 7. Bd3 Bxd3 8. Qxd3 Nf6 9. O-O e6 10. Re1 Be7 11. Bd2
O-O 12. Qb3 Qc7 13. Bb4 Bxb4 14. Qxb4 Nbd7 15. c4 c5 16. Qc3 Rfd8 17. Rad1 cxd4
18. Nxd4 Rac8 19. b3 a6 20. Qe3 Qa5 21. Re2 b5 22. cxb5 axb5 23. Rc1 Nd5 24. b4
Nxe3 0-1

[Event "17e tournoi d'automne - tournoi A"]
[Site "Montigny le Bretonneux"]
[Date "2018.10.21"]
[Round "2.4"]
[White "Forissier, Nicolas"]
[Black "Jourdain, Antoine"]
[Result "1-0"]
[WhiteElo "1974"]
[BlackElo "1767"]
[Annotator "Rivier,Sylvain"]
[PlyCount "89"]
[EventDate "2018.??.??"]

{D�fense Benoni, variante du fianchetto} 1. d4 Nf6 2. c4 c5 3. d5 e6 4. Nc3
exd5 5. cxd5 d6 6. g3 g6 7. Bg2 Bg7 8. Nf3 O-O 9. O-O a6 10. a4 Re8 11. Bf4 Qc7
12. Nd2 Nh5 13. Be3 f5 14. Nc4 Nd7 15. Bf3 Nb6 16. Nxb6 Qxb6 17. Qd2 Nf6 18. a5
Qc7 19. Bh6 Bh8 20. Qc2 Bd7 21. Bf4 Rab8 22. Rfe1 b5 23. axb6 Rxb6 24. Ra2 Bc8
25. Bd2 Rb8 26. e3 Bb7 27. Rd1 Qf7 28. Be1 Nd7 29. Ne2 g5 30. Bc3 Ne5 31. Bg2
Bc8 32. Ra4 Qh5 33. h3 f4 34. g4 Bxg4 35. hxg4 Nxg4 36. exf4 gxf4 37. Nxf4 Qh2+
38. Kf1 Rf8 39. Qe2 Ne5 40. Qh5 Qxh5 41. Nxh5 Rb6 42. Bh3 Rf3 43. Be6+ Kf8 44.
Ke2 Rb3 45. Rxa6 1-0

[Event "17e tournoi d'automne - tournoi A"]
[Site "Montigny le Bretonneux"]
[Date "2018.10.21"]
[Round "2.5"]
[White "Delin, Valere"]
[Black "Goudon, Gregory"]
[Result "1-0"]
[WhiteElo "1882"]
[BlackElo "1679"]
[Annotator "Rivier,Sylvain"]
[PlyCount "127"]
[EventDate "2018.??.??"]

{Partie espagnole, d�fense ferm�e} 1. e4 e5 2. Nf3 Nc6 3. Bb5 a6 4. Ba4 Nf6 5.
O-O d6 6. Re1 Be7 7. h3 O-O 8. d3 b5 9. Bb3 Na5 10. Nbd2 Bb7 11. Nf1 Nxb3 12.
axb3 Nd7 13. Ng3 Nb6 14. Nf5 a5 15. Bd2 a4 16. b4 Bf6 17. Bc3 Nc8 18. d4 exd4
19. N3xd4 Qd7 20. Qg4 Kh8 21. Nxb5 Bxc3 22. Nxc3 g6 23. Ne3 Qxg4 24. Nxg4 Nb6
25. Ne3 Rfe8 26. f3 Kg7 27. Kf2 Bc6 28. Red1 Ra7 29. Rd3 Rea8 30. Ncd5 Bxd5 31.
exd5 f5 32. f4 Kf6 33. c4 Re8 34. Rd4 Rg8 35. Nc2 Re8 36. Na3 Re7 37. Re1 Rxe1
38. Kxe1 Ra8 39. Nb5 Re8+ 40. Kf2 Re4 41. Rxe4 fxe4 42. Na3 Kf5 43. Ke3 h5 44.
g3 Nd7 45. Nc2 Nb6 46. Kd4 Kf6 47. Ne3 g5 48. Kxe4 h4 49. gxh4 gxf4 50. Kxf4
Kg6 51. Ke4 Nd7 52. Ng4 Nb6 53. Kd4 Nd7 54. c5 Kh5 55. c6 Nb6 56. Nf6+ Kxh4 57.
Ne8 Na8 58. b5 Kxh3 59. Nxc7 Nb6 60. Ne8 Nc8 61. b6 Nxb6 62. Nxd6 Na8 63. Nb5
Kg4 64. d6 1-0

[Event "17e tournoi d'automne - tournoi A"]
[Site "Montigny le Bretonneux"]
[Date "2018.10.22"]
[Round "3.1"]
[White "Veron, Cyprien"]
[Black "Delin, Valere"]
[Result "1-0"]
[WhiteElo "2028"]
[BlackElo "1882"]
[Annotator "Rivier,Sylvain"]
[PlyCount "67"]
[EventDate "2018.??.??"]

{D�fense N�o-Gr�nfeld} 1. Nf3 Nf6 2. c4 g6 3. g3 Bg7 4. Bg2 O-O 5. O-O d5 6.
cxd5 Nxd5 7. d4 c5 8. e4 Nf6 9. Re1 Qb6 10. Nc3 Bd7 11. e5 Ng4 12. h3 cxd4 13.
Nd5 Qc5 14. Qxd4 Qxd4 15. Nxd4 Nxe5 16. Nc7 Nbc6 17. Nxc6 Nxc6 18. Nxa8 Rxa8
19. Bxc6 Bxc6 20. Rxe7 Rd8 21. Re1 f5 22. Bg5 Rc8 23. Re2 h6 24. Be7 a6 25. f4
Rd8 26. Kf2 Rd3 27. Rc1 Bf6 28. Rcc2 Rd1 29. Re1 Rd3 30. b3 g5 31. Rec1 gxf4
32. gxf4 Bh4+ 33. Ke2 Bb5 34. a4 1-0

[Event "17e tournoi d'automne - tournoi A"]
[Site "Montigny le Bretonneux"]
[Date "2018.10.22"]
[Round "3.2"]
[White "Verat-Fayolle, Celian"]
[Black "Forissier, Nicolas"]
[Result "1-0"]
[WhiteElo "1882"]
[BlackElo "1974"]
[Annotator "Rivier,Sylvain"]
[PlyCount "47"]
[EventDate "2018.??.??"]

{Partie italienne, guiocco piano} 1. e4 e5 2. Nf3 Nc6 3. Bc4 Bc5 4. c3 Nf6 5.
d4 exd4 6. cxd4 Bb4+ 7. Nc3 Nxe4 8. O-O Bxc3 9. d5 Ne5 10. bxc3 Nxc4 11. Qd4
Ncd6 12. Qxg7 Qf6 13. Qxf6 Nxf6 14. Re1+ Kf8 15. Bh6+ Kg8 16. Re5 Nfe4 17. Re1
f6 18. Re7 b6 19. Nh4 Bb7 20. Rg7+ Kf8 21. Rxh7+ Kg8 22. Rg7+ Kf8 23. Ng6+ Ke8
24. Nxh8 1-0

[Event "17e tournoi d'automne - tournoi A"]
[Site "Montigny le Bretonneux"]
[Date "2018.10.22"]
[Round "3.4"]
[White "Jourdain, Antoine"]
[Black "Duval, Dominique"]
[Result "1/2-1/2"]
[WhiteElo "1767"]
[BlackElo "1687"]
[Annotator "Rivier,Sylvain"]
[PlyCount "63"]
[EventDate "2018.??.??"]

{Ouverture anglaise, variante Nimzovitch} 1. c4 e5 2. g3 Nc6 3. Bg2 f5 4. e3
Nf6 5. Ne2 d5 6. cxd5 Nb4 7. d3 Nbxd5 8. Nbc3 c6 9. O-O Bd6 10. Nxd5 Nxd5 11.
Nc3 Nf6 12. e4 Qe7 13. exf5 Bxf5 14. d4 O-O 15. dxe5 Bxe5 16. Re1 Qc7 17. Be3
Bg6 18. Rc1 Qa5 19. a3 Kh8 20. Qb3 Bxc3 21. Qxc3 Qf5 22. Qc5 Nd5 23. Bd4 Bf7
24. Re5 Qd7 25. f4 Rad8 26. Rd1 b6 27. Qc2 Bg6 28. Qe2 Rfe8 29. Bxd5 cxd5 30.
Rxe8+ Rxe8 31. Qd2 Be4 32. Qf2 1/2-1/2

[Event "17e tournoi d'automne - tournoi A"]
[Site "Montigny le Bretonneux"]
[Date "2018.10.22"]
[Round "3.5"]
[White "Plantet, Marc"]
[Black "Appavou, Calixte"]
[Result "1-0"]
[WhiteElo "1737"]
[BlackElo "1761"]
[Annotator "Rivier,Sylvain"]
[PlyCount "57"]
[EventDate "2018.??.??"]

{D�fense scandinave} 1. e4 d5 2. Nf3 d4 3. Bc4 e6 4. O-O Be7 5. e5 c5 6. d3 Nc6
7. Bf4 Bd7 8. Nbd2 h5 9. Ne4 Nh6 10. Qd2 Nf5 11. Rae1 Qa5 12. Qc1 O-O-O 13. a3
f6 14. b4 cxb4 15. axb4 Bxb4 16. c3 dxc3 17. exf6 Rhf8 18. Re2 gxf6 19. Ra2 Qb6
20. Nxc3 Bxc3 21. Qxc3 e5 22. Bd2 Ncd4 23. Nxd4 exd4 24. Qc2 Qc6 25. Rxa7 Kb8
26. Qa2 Bc8 27. Rc1 b6 28. Bf4+ Nd6 29. Bd5 1-0

[Event "17e tournoi d'automne - tournoi A"]
[Site "Montigny le Bretonneux"]
[Date "2018.10.23"]
[Round "4.1"]
[White "Veron, Cyprien"]
[Black "Jourdain, Antoine"]
[Result "1-0"]
[WhiteElo "2028"]
[BlackElo "1767"]
[Annotator "Rivier,Sylvain"]
[PlyCount "45"]
[EventDate "2018.??.??"]

{Ouverture anglaise, variante sym�trique classique} 1. Nf3 Nf6 2. c4 c5 3. d4
g6 4. g3 Bg7 5. Bg2 O-O 6. Nc3 cxd4 7. Nxd4 Nc6 8. O-O Nxd4 9. Qxd4 d6 10. Bg5
Qa5 11. Qd2 Re8 12. Rfd1 Rb8 13. Bxf6 exf6 14. Qxd6 Be6 15. Qd3 f5 16. e3 Rbc8
17. Nd5 Bxb2 18. Rab1 Bg7 19. Rxb7 Qc5 20. Rdb1 Kf8 21. h4 Red8 22. R1b5 Qxc4
23. Qa3+ 1-0

[Event "17e tournoi d'automne - tournoi A"]
[Site "Montigny le Bretonneux"]
[Date "2018.10.23"]
[Round "4.2"]
[White "Duval, Dominique"]
[Black "Verat-Fayolle, Celian"]
[Result "0-1"]
[WhiteElo "1687"]
[BlackElo "1882"]
[Annotator "Rivier,Sylvain"]
[PlyCount "108"]
[EventDate "2018.??.??"]

{Partie du pion dame} 1. d4 d5 2. Bf4 c5 3. e3 Nc6 4. c3 Nf6 5. Nd2 Bg4 6. Qb3
Qd7 7. Ngf3 c4 8. Qd1 e6 9. Be2 Bxf3 10. Nxf3 Bd6 11. Ne5 Qc7 12. Qa4 O-O 13.
Nxc6 bxc6 14. Bxd6 Qxd6 15. Qc2 Rfb8 16. O-O Rb6 17. b4 a5 18. a3 axb4 19. axb4
Rba6 20. Rxa6 Rxa6 21. Qb2 Qb8 22. Ra1 Qa7 23. Rxa6 Qxa6 24. f3 Ne8 25. Kf2 Nd6
26. Ke1 Nb5 27. Kd2 g5 28. g3 Kg7 29. Bd1 f6 30. Bc2 Qa7 31. Bb1 Na3 32. Bc2
Nxc2 33. Qxc2 f5 34. e4 Kf6 35. e5+ Kg6 36. g4 Qf7 37. Ke3 h5 38. gxf5+ Qxf5
39. Qxf5+ Kxf5 40. Kf2 Kf4 41. Ke2 g4 42. fxg4 Kxg4 43. Ke3 h4 44. Ke2 Kh3 45.
Kf3 Kxh2 46. Kg4 h3 47. Kg5 Kg3 48. Kf6 h2 49. Kxe6 h1=Q 50. Kd6 Qc1 51. e6
Qxc3 52. Kc5 Qe3 53. Kd6 Qxd4 54. e7 Qf6+ 0-1

[Event "17e tournoi d'automne - tournoi A"]
[Site "Montigny le Bretonneux"]
[Date "2018.10.23"]
[Round "4.3"]
[White "Delin, Valere"]
[Black "Claisse, Patrick"]
[Result "0-1"]
[WhiteElo "1882"]
[BlackElo "1733"]
[Annotator "Rivier,Sylvain"]
[PlyCount "122"]
[EventDate "2018.??.??"]

{D�fense sicilienne, variante Najdorf} 1. e4 c5 2. Nf3 d6 3. d4 cxd4 4. Nxd4
Nf6 5. Nc3 a6 6. Bg5 e6 7. f4 Be7 8. Qf3 Qc7 9. Bd3 Nc6 10. Nb3 Nb4 11. O-O
Nxd3 12. cxd3 b5 13. e5 Bb7 14. Qg3 Nh5 15. Qg4 g6 16. Ne4 dxe5 17. fxe5 Qxe5
18. Bxe7 Bxe4 19. Bg5 Bd5 20. Rae1 Qc7 21. Kh1 O-O 22. Bd2 e5 23. Bc3 f6 24.
Nd2 Nf4 25. Nf3 Nxd3 26. Rd1 Nf4 27. Bd2 Be6 28. Qg3 Nd5 29. Bh6 Rfd8 30. Rc1
Qf7 31. Nxe5 Qe8 32. Nc6 Rdc8 33. Qd6 Qd7 34. Qc5 Rc7 35. Rf2 Rac8 36. Rfc2
Rxc6 37. Qxc6 Rxc6 38. Rxc6 a5 39. a3 b4 40. axb4 axb4 41. Ra6 g5 42. Rca1 Nc7
43. Ra7 Qc6 44. h4 Kf7 45. hxg5 Kg6 46. Bf8 fxg5 47. Bxb4 h5 48. Bd2 h4 49. Rc1
Qd5 50. Raxc7 h3 51. Rg1 hxg2+ 52. Kh2 Qe5+ 53. Kxg2 Qxc7 54. Kf2 g4 55. Rg3
Qc2 56. Ke3 Qxb2 57. Rg2 Qe5+ 58. Kf2 Kf5 59. Be3 Bd5 60. Rg1 Qh2+ 61. Kf1 Bc4+
0-1

[Event "17e tournoi d'automne - tournoi A"]
[Site "Montigny le Bretonneux"]
[Date "2018.10.23"]
[Round "4.4"]
[White "Forissier, Nicolas"]
[Black "Plantet, Marc"]
[Result "1/2-1/2"]
[WhiteElo "1974"]
[BlackElo "1737"]
[Annotator "Rivier,Sylvain"]
[PlyCount "177"]
[EventDate "2018.??.??"]

{Gambit dame accepté} 1. d4 Nf6 2. c4 e6 3. Nc3 d5 4. e3 dxc4 5. Bxc4 c5 6.
Nf3 a6 7. a4 Nc6 8. O-O Qc7 9. Re1 Bd6 10. h3 O-O 11. e4 cxd4 12. Nxd4 Rd8 13.
Nf3 Bh2+ 14. Nxh2 Rxd1 15. Rxd1 Bd7 16. Bg5 Ne5 17. Be2 Ng6 18. Nf3 Bc6 19. Nd2
h6 20. Be3 Rd8 21. a5 Nf4 22. Bb6 Qc8 23. Bxd8 Nxe2+ 24. Nxe2 Qxd8 25. e5 Nd5
26. Nd4 Qg5 27. N2f3 Qg6 28. Nxc6 bxc6 29. Ra4 Qc2 30. Rad4 Qxb2 31. Rc4 Qb5
32. Rdc1 Qxa5 33. Rxc6 Nf4 34. R1c4 Qa1+ 35. Kh2 Nd3 36. Rc3 Nxf2 37. Rc1 Qa5
38. R1c5 Qa4 39. Rc4 Qb5 40. R6c5 Qb1 41. Ra5 Nd1 42. Rca4 Ne3 43. Ra1 Qg6 44.
R1a2 Qh5 45. R5a4 Kh7 46. R2a3 Nd5 47. Rxa6 Qf5 48. R6a4 Nb6 49. Rg4 Nd7 50.
Ra5 h5 51. Rg5 Qf4+ 52. Kh1 Kh6 53. Ra8 Qxg5 54. Nxg5 Kxg5 55. Ra5 Kf5 56. Kg1
Nxe5 57. Kf2 Kf6 58. Kg3 g6 59. Kf4 Nc6 60. Rc5 Ne7 61. Ke4 g5 62. h4 gxh4 63.
Rxh5 Nf5 64. Rh8 Kg5 65. Rg8+ Kh5 66. Rh8+ Kg6 67. Rg8+ Kh7 68. Rg4 f6 69. Kf4
Kh6 70. Rg8 Ne7 71. Re8 Ng6+ 72. Ke4 f5+ 73. Kf3 e5 74. Ke3 Kg5 75. Rg8 Kf6 76.
Ra8 Nf4 77. Kf3 Ne6 78. Rh8 e4+ 79. Ke3 Kg5 80. Rg8+ Kf6 81. Rh8 Kg5 82. Rg8+
Kh5 83. Re8 Nc7 84. Rh8+ Kg5 85. Rg8+ Kf6 86. Rh8 Nd5+ 87. Kd4 Nf4 88. Rxh4
Nxg2 89. Rxe4 1/2-1/2

[Event "17e tournoi d'automne - tournoi A"]
[Site "Montigny le Bretonneux"]
[Date "2018.10.23"]
[Round "4.5"]
[White "Appavou, Calixte"]
[Black "Goudon, Gregory"]
[Result "0-1"]
[WhiteElo "1761"]
[BlackElo "1679"]
[Annotator "Rivier,Sylvain"]
[PlyCount "70"]
[EventDate "2018.??.??"]

{Partie italienne} 1. e4 e5 2. Nf3 Nc6 3. Bc4 Bc5 4. d3 Nf6 5. O-O O-O 6. Nc3
h6 7. a3 d6 8. h3 Qe7 9. Na4 Be6 10. Bxe6 Qxe6 11. Nxc5 dxc5 12. Be3 c4 13. Qc1
Rad8 14. Rd1 Nd4 15. Nxd4 exd4 16. Bf4 c5 17. f3 Nh5 18. Bh2 b5 19. f4 cxd3 20.
cxd3 c4 21. Qd2 Nf6 22. f5 Qc6 23. Rac1 Qb6 24. Kh1 Rfe8 25. Re1 Qb7 26. e5 Nd5
27. Re2 c3 28. bxc3 dxc3 29. Qe1 Qa6 30. Ra1 Qa4 31. Qd1 Qxd1+ 32. Rxd1 b4 33.
axb4 Nxb4 34. d4 c2 35. Rc1 Rxd4 0-1

[Event "17e tournoi d'automne - tournoi A"]
[Site "Montigny le Bretonneux"]
[Date "2018.10.24"]
[Round "5.1"]
[White "Verat-Fayolle, Celian"]
[Black "Veron, Cyprien"]
[Result "1/2-1/2"]
[WhiteElo "1882"]
[BlackElo "2028"]
[Annotator "Rivier,Sylvain"]
[PlyCount "77"]
[EventDate "2018.??.??"]

{Ouverture irr�guli�re} 1. g4 d5 2. Bg2 c6 3. h3 e5 4. d4 e4 5. c4 h5 6. g5 Be7
7. h4 f5 8. cxd5 cxd5 9. Nh3 Bd6 10. O-O Ne7 11. Nc3 Nbc6 12. Bf4 Ng6 13. Nxd5
Nxh4 14. e3 Be6 15. Nc3 Bc4 16. Re1 a6 17. Bxd6 Qxd6 18. Rc1 b5 19. a4 Bd3 20.
axb5 axb5 21. Qb3 Rb8 22. Ne2 Bc4 23. Qc3 Nb4 24. Ra1 Nd3 25. Red1 Nxf2 26.
Kxf2 Bxe2 27. Kxe2 Nxg2 28. Kf2 h4 29. Kg1 Qg3 30. Qc6+ Kf8 31. Qc5+ Kg8 32.
Qd5+ Kh7 33. Qxf5+ Kg8 34. Qd5+ Kf8 35. Qc5+ Ke8 36. Qc6+ Kf8 37. Qc5+ Ke8 38.
Qc6+ Kf8 39. Qc5+ 1/2-1/2

[Event "17e tournoi d'automne - tournoi A"]
[Site "Montigny le Bretonneux"]
[Date "2018.10.24"]
[Round "5.2"]
[White "Claisse, Patrick"]
[Black "Appavou, Calixte"]
[Result "1/2-1/2"]
[WhiteElo "1733"]
[BlackElo "1761"]
[Annotator "Rivier,Sylvain"]
[PlyCount "57"]
[EventDate "2018.??.??"]

{Partie espagnole, d�fense Steinitz} 1. e4 e5 2. Nf3 Nc6 3. Bb5 d6 4. d4 exd4
5. Nxd4 Bd7 6. O-O Be7 7. Re1 Nxd4 8. Bxd7+ Qxd7 9. Qxd4 Bf6 10. Qd3 O-O-O 11.
c4 Ne7 12. Nc3 Nc6 13. Nd5 Bd4 14. Rb1 Bb6 15. Be3 Bxe3 16. Qxe3 Kb8 17. Rbc1
Ne7 18. Rc3 Nxd5 19. cxd5 Rhe8 20. Rec1 Rc8 21. Ra3 b6 22. Qd3 c5 23. dxc6 Rxc6
24. Rac3 Rec8 25. f3 Rxc3 26. Rxc3 Rxc3 27. Qxc3 f6 28. Qc4 Qc7 29. Qxc7+
1/2-1/2

[Event "17e tournoi d'automne - tournoi A"]
[Site "Montigny le Bretonneux"]
[Date "2018.10.24"]
[Round "5.3"]
[White "Goudon, Gregory"]
[Black "Forissier, Nicolas"]
[Result "1-0"]
[WhiteElo "1679"]
[BlackElo "1974"]
[Annotator "Rivier,Sylvain"]
[PlyCount "107"]
[EventDate "2018.??.??"]

{Partie espagnole, variante d'�change} 1. e4 e5 2. Nf3 Nc6 3. Bb5 a6 4. Bxc6
dxc6 5. O-O Bg4 6. d4 Bxf3 7. Qxf3 Qxd4 8. Nc3 Nf6 9. Rd1 Qc4 10. b3 Qe6 11.
Be3 Be7 12. Na4 b6 13. Rd3 O-O 14. Bg5 c5 15. Nb2 Rfd8 16. Rad1 h6 17. Bxf6
Bxf6 18. Rxd8+ Rxd8 19. Rxd8+ Bxd8 20. Qd3 Qd6 21. Qxd6 cxd6 22. Nc4 Bc7 23.
Ne3 g6 24. f3 Kg7 25. Nd5 Bd8 26. Kf2 b5 27. Ke3 Bg5+ 28. Kd3 Bd8 29. a3 h5 30.
c4 Kf8 31. cxb5 axb5 32. a4 bxa4 33. bxa4 Ke8 34. Kc4 Kd7 35. Kb5 Kc8 36. Kc6
Ba5 37. Kxd6 c4 38. Ke7 c3 39. Ne3 f5 40. Kf6 Bd8+ 41. Kxe5 fxe4 42. Kxe4 Kb7
43. Kd3 Bf6 44. Nd5 Be5 45. h3 g5 46. Nxc3 h4 47. Ne4 Bf4 48. Nc5+ Kb6 49. Ne6
Bc1 50. Ke4 Ka5 51. Kf5 Kxa4 52. Nxg5 Bd2 53. Kg4 Be1 54. f4 1-0